Flags of the Countries that Start with K - Statistics

General Stats
  • This quiz has been taken 13,472 times
    4,996 since last reset
  • The average score is 5 of 5
Answer Stats
Picture Answer % Correct
Kazakhstan
97%
Kenya
97%
Kuwait
90%
Kiribati
89%
Kyrgyzstan
89%
No matching quizzes found
Score Distribution
Percent of People with Each Score
Percentile by Number Answered
Your Score History
You have not taken this quiz since the last reset